[Event "Rodovremesterskabet Gruppe C 2007"]
[Site "Rodovre"]
[Date "2007.09.04"]
[Round "1"]
[White "Roed, Jorgen"]
[Black "Henriksen, Franz"]
[Result "0-1"]
[WhiteElo "1300"]
[BlackElo "1402"]
[PlyCount "62"]
[EventDate "2007.??.??"]
[SourceDate "2005.11.09"]

1. d4 d5 2. c4 dxc4 3. e4 g6 4. Bxc4 Bg7 5. Be3 c5 6. Ne2 e6 7. Nbc3 cxd4 8.
Bxd4 Nf6 9. O-O O-O 10. Qc2 Nc6 11. Bc5 Re8 12. Rad1 Qa5 13. Ba3 Ne5 14. Nb5
Nxc4 15. Qxc4 Bd7 16. Nbc3 Rac8 17. Qd3 Rcd8 18. Qe3 b5 19. Bc5 b4 20. Nb1 Ng4
21. Qc1 Bb5 22. Rfe1 Bxe2 23. Rxd8 Rxd8 24. Rxe2 Rc8 25. Rc2 Qc7 26. g3 Bf8 27.
h3 Bxc5 28. hxg4 Bxf2+ 29. Kxf2 Qxc2+ 30. Qxc2 Rxc2+ 31. Ke3 Rxb2 0-1

[Event "Rodovremesterskabet Gruppe C 2007"]
[Site "Rodovre"]
[Date "2007.09.04"]
[Round "1"]
[White "Jacobsen, Jesper Howalt"]
[Black "Wisal, Zoran"]
[Result "0-1"]
[WhiteElo "1084"]
[BlackElo "1405"]
[PlyCount "91"]
[EventDate "2007.??.??"]
[SourceDate "2005.11.09"]

1. d4 d5 2. Nd2 Nc6 3. e3 Nf6 4. Be2 Qd6 5. c4 dxc4 6. Nxc4 Qd5 7. Nf3 Bg4 8.
O-O Bxf3 9. gxf3 e6 10. Qb3 Rb8 11. Nd2 Bd6 12. Qxd5 Nxd5 13. Ne4 Be7 14. a3 a6
15. Bd2 O-O 16. Rac1 Na7 17. Nc5 Bxc5 18. dxc5 Nc6 19. e4 Nf6 20. Bc3 Nh5 21.
Rfd1 Nf4 22. Bf1 Rfd8 23. h3 e5 24. Kh2 Nd4 25. Bxd4 Rxd4 26. Rxd4 exd4 27. c6
b6 28. Bxa6 d3 29. Rd1 Rd8 30. Kg3 g5 31. h4 h6 32. Kg4 f6 33. hxg5 hxg5 34.
Kf5 Kg7 35. Bc4 Rd6 36. e5 fxe5 37. Kxe5 Rxc6 38. Kd4 Rd6+ 39. Kc3 Kf6 40. Bxd3
Ke5 41. Re1+ Kf6 42. Be4 c5 43. b4 cxb4+ 44. axb4 Ke5 45. Re3 Ng2 46. Bb7+ 0-1

[Event "Rodovremesterskabet Gruppe C 2007"]
[Site "Rodovre"]
[Date "2007.09.04"]
[Round "1"]
[White "Meldal, Peter"]
[Black "Vestergaard, John"]
[Result "0-1"]
[WhiteElo "1311"]
[BlackElo "1340"]
[PlyCount "114"]
[EventDate "2007.??.??"]
[SourceDate "2005.11.09"]

1. e4 c5 2. Nf3 Nc6 3. Bb5 e5 4. O-O d6 5. d3 Nf6 6. Bg5 Be7 7. Nc3 O-O 8. h3
Be6 9. Re1 a6 10. Ba4 b5 11. Bb3 Qd7 12. Nd5 Bxd5 13. Bxf6 Bxb3 14. Bxe7 Bxc2
15. Qxc2 Qxe7 16. a3 Rfc8 17. Qd2 b4 18. axb4 Nxb4 19. Ra4 f6 20. Nh4 Qd7 21.
Ra5 Nc6 22. Ra3 Nd4 23. f4 exf4 24. Rf1 g5 25. Nf3 Nxf3+ 26. Rxf3 d5 27. exd5
Qxd5 28. Ra4 Rcb8 29. Qc3 Kg7 30. Ra5 Qd4+ 31. Kh2 Qxc3 32. bxc3 Rb5 33. Ra4 a5
34. d4 cxd4 35. cxd4 Rb4 36. Rxb4 axb4 37. Rb3 Rb8 38. d5 Kf7 39. d6 Ke6 40.
Rd3 Kd7 41. g3 b3 42. gxf4 b2 43. Rd1 b1=Q 44. Rxb1 Rxb1 45. fxg5 fxg5 46. Kg3
Rb4 47. Kg2 Rh4 48. Kg3 Kxd6 49. Kg2 Ke5 50. Kg3 h5 51. Kg2 Kf4 52. Kh2 g4 53.
Kg2 Rxh3 54. Kg1 g3 55. Kg2 Rh2+ 56. Kg1 Kf3 57. Kf1 Rh1# 0-1

[Event "Rodovremesterskabet Gruppe C 2007"]
[Site "Rodovre"]
[Date "2007.09.04"]
[Round "1"]
[White "Eriksen, Bjorn"]
[Black "Jonsson, John"]
[Result "1-0"]
[WhiteElo "1347"]
[BlackElo "1201"]
[PlyCount "43"]
[EventDate "2007.??.??"]
[SourceDate "2005.11.09"]

1. d4 Nf6 2. Nf3 e6 3. g3 d5 4. Bg2 Nc6 5. O-O g6 6. Bg5 Bg7 7. c4 O-O 8. Nbd2
h6 9. Bf4 g5 10. Be3 Ng4 11. Rc1 Nxe3 12. fxe3 Rb8 13. a3 a5 14. Nb3 Ra8 15.
Qc2 f5 16. cxd5 exd5 17. Nc5 Qe7 18. Qb3 Rd8 19. Nxb7 Bxb7 20. Qxb7 Qxe3+ 21.
Kh1 Ne7 22. Rxc7 1-0

[Event "Rodovremesterskabet Gruppe C 2007"]
[Site "Rodovre"]
[Date "2007.09.11"]
[Round "2"]
[White "Vestergaard, John"]
[Black "Roed, Jorgen"]
[Result "1-0"]
[WhiteElo "1340"]
[BlackElo "1300"]
[PlyCount "45"]
[EventDate "2007.??.??"]
[SourceDate "2005.11.09"]

1. d4 Nf6 2. c4 e6 3. Nf3 c5 4. d5 b5 5. dxe6 fxe6 6. cxb5 d5 7. e3 Bd6 8. Be2
O-O 9. O-O Qb6 10. Nc3 Bb7 11. a4 Nbd7 12. b3 e5 13. a5 Qd8 14. a6 Bc8 15. Nxd5
Nxd5 16. Qxd5+ Kh8 17. Qxa8 Nf6 18. Qxa7 Ng4 19. e4 Bd7 20. b6 Bb8 21. Qb7 Qe8
22. a7 Qh5 23. axb8=Q 1-0

[Event "Rodovremesterskabet Gruppe C 2007"]
[Site "Rodovre"]
[Date "2007.09.11"]
[Round "2"]
[White "Jonsson, John"]
[Black "Henriksen, Franz"]
[Result "1-0"]
[WhiteElo "1201"]
[BlackElo "1402"]
[PlyCount "81"]
[EventDate "2007.??.??"]
[SourceDate "2005.11.09"]

1. c4 g6 2. Nc3 Bg7 3. d4 Nf6 4. e4 O-O 5. Nf3 d6 6. h3 b6 7. Be3 Re8 8. Qd2
Bb7 9. Bd3 e5 10. d5 Nbd7 11. Rc1 Nc5 12. Bc2 Qd7 13. O-O c6 14. b4 Na6 15.
dxc6 Qxc6 16. b5 Qxc4 17. Bd3 Qe6 18. bxa6 Bc8 19. Bb5 Rd8 20. Rfd1 Bf8 21. Bg5
Be7 22. Bxf6 Bxf6 23. Nd5 Rb8 24. Nxf6+ Qxf6 25. Qg5 Qxg5 26. Nxg5 h6 27. Nf3
Be6 28. Rd2 f5 29. exf5 Bxf5 30. Rcd1 e4 31. Ne5 Rbc8 32. Nc6 Rd7 33. Rxd6 Rdc7
34. Rd8+ Rxd8 35. Rxd8+ Kg7 36. Ra8 Bd7 37. Rxa7 Rxa7 38. Nxa7 Be6 39. Nc6 Bc8
40. a7 Bb7 41. Nd8 1-0

[Event "Rodovremesterskabet Gruppe C 2007"]
[Site "Rodovre"]
[Date "2007.09.11"]
[Round "2"]
[White "Wisal, Zoran"]
[Black "Meldal, Peter"]
[Result "1-0"]
[WhiteElo "1405"]
[BlackElo "1311"]
[PlyCount "105"]
[EventDate "2007.??.??"]
[SourceDate "2005.11.09"]

1. d4 d5 2. e3 Nf6 3. Nd2 Bf5 4. Ngf3 e6 5. Be2 c5 6. dxc5 Bxc5 7. Nh4 Be4 8.
Nxe4 Nxe4 9. Nf3 Qa5+ 10. c3 Nxc3 11. bxc3 Qxc3+ 12. Bd2 Qa3 13. O-O O-O 14.
Nd4 Bxd4 15. exd4 Nc6 16. Be3 Rfc8 17. Bb5 Qb2 18. Bxc6 bxc6 19. Qd3 Qb5 20.
Qxb5 cxb5 21. Rfb1 a6 22. a4 bxa4 23. Rxa4 Rcb8 24. Rxb8+ Rxb8 25. g3 Ra8 26.
Kf1 g6 27. Ke2 Kf8 28. Kd3 Ke7 29. Kc3 Kd6 30. Ra5 Kc6 31. Rc5+ Kb6 32. Kb4 Rb8
33. Ka4 Kb7 34. Bf4 Rc8 35. Rxc8 Kxc8 36. Be5 Kb7 37. g4 Kb6 38. h4 f5 39. gxf5
gxf5 40. h5 Ka7 41. f4 Kb6 42. Bd6 Kc6 43. Bc5 Kc7 44. Ka5 Kb7 45. h6 Kc6 46.
Kxa6 Kc7 47. Kb5 Kb7 48. Bd6 Kc8 49. Kc6 Kd8 50. Be5 Ke7 51. Bg7 Kf7 52. Kd6
Kg6 53. Kxe6 1-0

[Event "Rodovremesterskabet Gruppe C 2007"]
[Site "Rodovre"]
[Date "2007.09.06"]
[Round "2"]
[White "Eriksen, Bjorn"]
[Black "Jacobsen, Jesper Howalt"]
[Result "1-0"]
[WhiteElo "1347"]
[BlackElo "1084"]
[PlyCount "69"]
[EventDate "2007.??.??"]
[SourceDate "2005.11.09"]

1. d4 e6 2. Nf3 b6 3. g3 c5 4. Bg2 Bb7 5. O-O Nf6 6. c4 Be7 7. Nc3 O-O 8. d5
Ne8 9. Bf4 f6 10. d6 Bxf3 11. Bxf3 Nc6 12. dxe7 Qxe7 13. Nb5 e5 14. Bd5+ Kh8
15. Bd2 a6 16. Nc3 Nc7 17. Bg2 f5 18. Nd5 Nxd5 19. cxd5 Rad8 20. dxc6 dxc6 21.
Qc2 Rd6 22. Rad1 f4 23. Bc3 fxg3 24. hxg3 Rh6 25. Qe4 Qf7 26. Qxe5 Re8 27. Qg5
Rg6 28. Qd8 Rge6 29. Rd7 R6e7 30. Rxe7 Qxe7 31. Qxe7 Rxe7 32. Rd1 Kg8 33. Bxc6
Kf7 34. Rd7 Rxd7 35. Bxd7 1-0

[Event "Rodovremesterskabet Gruppe C 2007"]
[Site "Rodovre"]
[Date "2007.09.18"]
[Round "3"]
[White "Roed, Jorgen"]
[Black "Wisal, Zoran"]
[Result "0-1"]
[WhiteElo "1300"]
[BlackElo "1405"]
[PlyCount "42"]
[EventDate "2007.??.??"]
[SourceDate "2005.11.09"]

1. d4 d5 2. c4 Nf6 3. Nc3 e6 4. Bg5 Be7 5. e3 dxc4 6. Bxc4 O-O 7. Nf3 Nbd7 8.
O-O a6 9. a4 Nb6 10. Bd3 Nbd5 11. Re1 Nxc3 12. bxc3 Nd5 13. Bxe7 Qxe7 14. Qb3
c6 15. Reb1 Qc7 16. e4 Nf4 17. Bf1 b5 18. axb5 cxb5 19. g3 Ng6 20. Bxb5 Rb8 21.
Rxa6 Bxa6 0-1

[Event "Rodovremesterskabet Gruppe C 2007"]
[Site "Rodovre"]
[Date "2007.09.18"]
[Round "3"]
[White "Henriksen, Franz"]
[Black "Vestergaard, John"]
[Result "1/2-1/2"]
[WhiteElo "1402"]
[BlackElo "1340"]
[PlyCount "54"]
[EventDate "2007.??.??"]
[SourceDate "2005.11.09"]

1. f4 d5 2. Nf3 c5 3. b3 Nf6 4. e3 a6 5. Bb2 e6 6. Be2 Be7 7. O-O O-O 8. Ne5
Nbd7 9. Bf3 Nxe5 10. fxe5 Nd7 11. d4 f6 12. exf6 Bxf6 13. Nd2 b6 14. c4 Bb7 15.
Rb1 Qc7 16. Qe2 Rae8 17. Bg4 e5 18. cxd5 exd4 19. e4 Ne5 20. Bf5 Bc8 21. Bxc8
Qxc8 22. Nc4 Nxc4 23. bxc4 Qc7 24. Bc1 h6 25. Bf4 Be5 26. Bxe5 Rxf1+ 27. Rxf1
Qxe5 1/2-1/2

[Event "Rodovremesterskabet Gruppe C 2007"]
[Site "Rodovre"]
[Date "2007.09.18"]
[Round "3"]
[White "Meldal, Peter"]
[Black "Eriksen, Bjorn"]
[Result "0-1"]
[WhiteElo "1311"]
[BlackElo "1347"]
[PlyCount "83"]
[EventDate "2007.??.??"]
[SourceDate "2005.11.09"]

1. e4 c6 2. d4 d5 3. e5 Bf5 4. Nf3 e6 5. Bd3 Bg6 6. Bxg6 hxg6 7. a3 Be7 8. Bf4
Nh6 9. h4 Nf5 10. g3 g5 11. Be3 gxh4 12. Bf4 g5 13. g4 Ng7 14. Be3 Nd7 15. Qd2
Nb6 16. b3 f6 17. exf6 Bxf6 18. Nxg5 Qe7 19. Nf3 Qf8 20. g5 Be7 21. Ne5 Qf5 22.
Nc3 O-O-O 23. g6 Rh5 24. Bh6 Bf6 25. Bxg7 Bxg7 26. Qe2 Bxe5 27. dxe5 Qxg6 28.
O-O-O Nd7 29. f4 Qh6 30. Rdf1 Rxe5 31. Qg4 Rh5 32. Kb1 h3 33. Rf3 h2 34. Ne2
Rh8 35. Nd4 Rh3 36. Rxh3 Qxh3 37. Qxh3 Rxh3 38. Nxe6 Nf6 39. a4 Ng4 40. Ng5 Rg3
41. Kb2 Rg1 42. Rxg1 0-1

[Event "Rodovremesterskabet Gruppe C 2007"]
[Site "Rodovre"]
[Date "2007.09.25"]
[Round "4"]
[White "Jonsson, John"]
[Black "Vestergaard, John"]
[Result "0-1"]
[WhiteElo "1201"]
[BlackElo "1340"]
[PlyCount "60"]
[EventDate "2007.??.??"]
[SourceDate "2005.11.09"]

1. c4 c5 2. Nc3 Nf6 3. Nf3 g6 4. e4 d6 5. h3 Bg7 6. d3 O-O 7. Be2 b6 8. Be3 Bb7
9. Qd2 Re8 10. O-O Nbd7 11. Rad1 a6 12. Qc1 Qc7 13. Nh2 Rad8 14. f4 e6 15. a4
Re7 16. Bf3 Bc6 17. b3 Nb8 18. Kh1 d5 19. cxd5 exd5 20. exd5 Nxd5 21. Nxd5 Bxd5
22. Bxd5 Rxd5 23. Nf3 Red7 24. Qc2 Qd8 25. Ne1 Nc6 26. Rf2 Nb4 27. Qb1 Nxd3 28.
Nxd3 Rxd3 29. Rfd2 Rxd2 30. Bxd2 Rxd2 0-1

[Event "Rodovremesterskabet Gruppe C 2007"]
[Site "Rodovre"]
[Date "2007.09.25"]
[Round "4"]
[White "Eriksen, Bjorn"]
[Black "Roed, Jorgen"]
[Result "1-0"]
[WhiteElo "1347"]
[BlackElo "1300"]
[PlyCount "45"]
[EventDate "2007.??.??"]
[SourceDate "2005.11.09"]

1. d4 Nf6 2. c4 e6 3. Nf3 c5 4. g3 d5 5. Bg2 Nc6 6. O-O Be7 7. Nc3 O-O 8. b3 b6
9. Re1 Bb7 10. e4 Nxe4 11. Nxe4 dxe4 12. Ne5 Nxd4 13. Bxe4 Bxe4 14. Rxe4 Qc7
15. Bf4 Bd6 16. Nf3 Rad8 17. Bxd6 Rxd6 18. Nxd4 Rfd8 19. Qf3 Rxd4 20. Rxd4 Rxd4
21. Rd1 e5 22. Rxd4 f5 23. Qd5+ 1-0

[Event "Rodovremesterskabet Gruppe C 2007"]
[Site "Rodovre"]
[Date "2007.09.25"]
[Round "4"]
[White "Wisal, Zoran"]
[Black "Henriksen, Franz"]
[Result "1/2-1/2"]
[WhiteElo "1405"]
[BlackElo "1402"]
[PlyCount "100"]
[EventDate "2007.??.??"]
[SourceDate "2005.11.09"]

1. e4 g6 2. d4 Bg7 3. c3 Nf6 4. Nd2 O-O 5. Ngf3 d6 6. e5 dxe5 7. Nxe5 a6 8. Be2
Nbd7 9. Ndf3 Nxe5 10. Nxe5 h6 11. O-O Nh7 12. Ng4 h5 13. Ne5 Bxe5 14. dxe5 Bd7
15. Bh6 Re8 16. Qb3 Bc6 17. Rad1 Qc8 18. Bc4 e6 19. Be2 b5 20. Qc2 Qb7 21. f3
Nf8 22. Bd3 Kh7 23. Bg5 Nd7 24. Qe2 Bd5 25. b3 Nc5 26. Bc2 Nd7 27. Qe3 c5 28.
Qf4 Rf8 29. Qh4 Nxe5 30. Qxh5+ Kg8 31. Qh3 f5 32. Qg3 Qg7 33. Rfe1 Nf7 34. Re3
c4 35. b4 Ra7 36. Rd4 Nxg5 37. Qxg5 a5 38. a3 axb4 39. axb4 Ra1+ 40. Rd1 Ra3
41. h4 f4 42. Re5 Rxc3 43. Bxg6 Rb3 44. h5 Rxb4 45. Rexd5 exd5 46. Qxd5+ Kh8
47. Qe6 Qf6 48. Qd7 Qg7 49. Qe6 Qf6 50. Qd7 Qg7 1/2-1/2

[Event "Rodovremesterskabet Gruppe C 2007"]
[Site "Rodovre"]
[Date "2007.10.02"]
[Round "5"]
[White "Vestergaard, John"]
[Black "Wisal, Zoran"]
[Result "1/2-1/2"]
[WhiteElo "1340"]
[BlackElo "1405"]
[PlyCount "37"]
[EventDate "2007.??.??"]
[SourceDate "2005.11.09"]

1. d4 d5 2. c4 dxc4 3. e4 Nf6 4. Nc3 Nc6 5. d5 Ne5 6. Bf4 Nd3+ 7. Bxd3 cxd3 8.
Qxd3 Bd7 9. Nge2 a6 10. O-O g6 11. Ng3 Bg7 12. Rac1 O-O 13. h3 Rc8 14. Rc2 c6
15. Rfc1 cxd5 16. Nxd5 Rxc2 17. Nxf6+ Bxf6 18. Qxc2 Bc6 19. b3 1/2-1/2

[Event "Rodovremesterskabet Gruppe C 2007"]
[Site "Rodovre"]
[Date "2007.10.02"]
[Round "5"]
[White "Roed, Jorgen"]
[Black "Jacobsen, Jesper Howalt"]
[Result "0-1"]
[WhiteElo "1300"]
[BlackElo "1084"]
[PlyCount "58"]
[EventDate "2007.??.??"]
[SourceDate "2005.11.09"]

1. d4 d6 2. c4 Nd7 3. Nf3 c5 4. d5 Ne5 5. e4 Bd7 6. Nc3 g6 7. Be2 Bg7 8. O-O
Nf6 9. h3 O-O 10. Nd2 g5 11. f4 gxf4 12. Rxf4 Ng6 13. Rf2 e5 14. Nf3 Nh5 15.
Rb1 Nhf4 16. Qf1 Bh6 17. Nh2 Nxe2+ 18. Nxe2 Bxc1 19. Rxc1 Qh4 20. Rc3 Qxe4 21.
Rcf3 f5 22. Ng3 Qd4 23. Kh1 f4 24. Nh5 Nh4 25. Rc3 Nf5 26. Nf3 Qe4 27. Re2 Ne3
28. Qf2 Qg6 29. Ng3 Nd1 0-1

[Event "Rodovremesterskabet Gruppe C 2007"]
[Site "Rodovre"]
[Date "2007.10.02"]
[Round "5"]
[White "Meldal, Peter"]
[Black "Jonsson, John"]
[Result "1-0"]
[WhiteElo "1311"]
[BlackElo "1201"]
[PlyCount "54"]
[EventDate "2007.??.??"]
[SourceDate "2005.11.09"]

1. e4 d6 2. Nf3 c6 3. d4 g6 4. Bc4 e6 5. O-O Bg7 6. Bg5 f6 7. Bh4 Ne7 8. Nc3
O-O 9. Re1 Kh8 10. e5 dxe5 11. dxe5 Qxd1 12. Raxd1 g5 13. exf6 Bxf6 14. Bxg5
Nd5 15. Bxf6+ Rxf6 16. Ne4 Rf8 17. Nd6 b5 18. Bd3 Bd7 19. Ng5 Nf6 20. Nxe6 Bxe6
21. Rxe6 Nbd7 22. Ne4 Rac8 23. Nxf6 Nxf6 24. Re7 Rcd8 25. Rxa7 c5 26. Be2 Rb8
27. Ra5 c4 1-0

[Event "Rodovremesterskabet Gruppe C 2007"]
[Site "Rodovre"]
[Date "2007.10.16"]
[Round "5"]
[White "Henriksen, Franz"]
[Black "Eriksen, Bjorn"]
[Result "1/2-1/2"]
[WhiteElo "1402"]
[BlackElo "1347"]
[PlyCount "50"]
[EventDate "2007.??.??"]
[SourceDate "2005.11.09"]

1. f4 d5 2. Nf3 Nf6 3. b3 g6 4. Bb2 Bg7 5. e3 O-O 6. c4 c6 7. Nc3 Bf5 8. Be2
Na6 9. O-O Nb4 10. Nd4 Bd3 11. a3 Bxe2 12. Qxe2 Na6 13. b4 c5 14. Nc2 d4 15.
exd4 cxd4 16. Nd5 Nxd5 17. cxd5 Qxd5 18. Qd3 Rad8 19. Rac1 Rd7 20. Ne1 Rc7 21.
Nf3 Rfc8 22. h3 Rxc1 23. Rxc1 Rxc1+ 24. Bxc1 Nc7 25. Bb2 -- 1/2-1/2

[Event "Rodovremesterskabet Gruppe C 2007"]
[Site "Rodovre"]
[Date "2007.10.09"]
[Round "6"]
[White "Jacobsen, Jesper Howalt"]
[Black "Henriksen, Franz"]
[Result "0-1"]
[WhiteElo "1084"]
[BlackElo "1402"]
[PlyCount "76"]
[EventDate "2007.??.??"]
[SourceDate "2005.11.09"]

1. d4 d5 2. f4 e6 3. Nf3 Nc6 4. c3 Nf6 5. Nbd2 Bd6 6. Ne5 O-O 7. Ndf3 Ne4 8.
Nd3 b6 9. Qc2 Ba6 10. e3 Re8 11. Be2 Ne7 12. O-O c5 13. Nf2 Bxe2 14. Qxe2 Nxf2
15. Rxf2 c4 16. e4 b5 17. e5 Bc7 18. Nh4 Nc6 19. Qg4 f5 20. Qg5 Qd7 21. Nf3 Bd8
22. Qh5 h6 23. Be3 Rb8 24. g4 fxg4 25. Qxg4 Qf7 26. Nh4 Bxh4 27. Qxh4 Ne7 28.
Qh3 Nf5 29. Bd2 b4 30. Raf1 bxc3 31. Bxc3 a5 32. a3 a4 33. Rf3 Re7 34. Qg4 h5
35. Qg5 g6 36. R1f2 Qh7 37. Rd2 Rg7 38. Bb4 Rf7 0-1

[Event "Rodovremesterskabet Gruppe C 2007"]
[Site "Rodovre"]
[Date "2007.10.09"]
[Round "6"]
[White "Jonsson, John"]
[Black "Wisal, Zoran"]
[Result "1/2-1/2"]
[WhiteElo "1201"]
[BlackElo "1405"]
[PlyCount "84"]
[EventDate "2007.??.??"]
[SourceDate "2005.11.09"]

1. c4 g6 2. Nc3 Bg7 3. d4 d6 4. e4 e6 5. Nf3 b6 6. Be3 Ne7 7. Qd2 h6 8. Bd3 Bb7
9. h3 Qd7 10. a3 a6 11. b4 c6 12. Rc1 Qc7 13. O-O Nd7 14. Rfd1 c5 15. bxc5 dxc5
16. d5 O-O-O 17. Be2 Qd6 18. dxe6 Qxe6 19. Bd3 Nc6 20. Nd5 Nce5 21. Nxe5 Nxe5
22. Be2 f5 23. f4 Nd7 24. e5 Rde8 25. Bf3 g5 26. Re1 g4 27. hxg4 fxg4 28. Be4
h5 29. Nf6 Nxf6 30. Bxb7+ Kxb7 31. exf6 Bxf6 32. Qd5+ Qxd5 33. cxd5 Rd8 34.
Red1 Rd7 35. Rb1 Kc7 36. Rd2 Rf8 37. g3 h4 38. gxh4 Bxh4 39. Kg2 Be7 40. Rbd1
Bd6 41. Kg3 Rg8 42. Rh1 -- 1/2-1/2

[Event "Rodovremesterskabet Gruppe C 2007"]
[Site "Rodovre"]
[Date "2007.10.11"]
[Round "6"]
[White "Eriksen, Bjorn"]
[Black "Vestergaard, John"]
[Result "1-0"]
[WhiteElo "1347"]
[BlackElo "1340"]
[PlyCount "65"]
[EventDate "2007.??.??"]
[SourceDate "2005.11.09"]

1. d4 d5 2. Nf3 c5 3. c4 e6 4. g3 Nc6 5. Bg2 cxd4 6. Nxd4 Bc5 7. Nxc6 bxc6 8.
cxd5 cxd5 9. O-O Ne7 10. Nc3 O-O 11. a3 a5 12. Bd2 Rb8 13. Rb1 Bd7 14. Na4 Bxa3
15. bxa3 Rxb1 16. Qxb1 Bxa4 17. Qb7 Bc6 18. Qa7 a4 19. Bb4 Re8 20. Rc1 Qd7 21.
Qxd7 Bxd7 22. Rc7 Nc6 23. Rxd7 Nxb4 24. axb4 Ra8 25. Rc7 a3 26. Rc1 a2 27. Ra1
Kf8 28. f4 Ke7 29. Kf2 Kd6 30. Bf1 d4 31. e3 dxe3+ 32. Kxe3 Kd5 33. Bg2+ 1-0

[Event "Rodovremesterskabet Gruppe C 2007"]
[Site "Rodovre"]
[Date "2007.10.20"]
[Round "7"]
[White "Wisal, Zoran"]
[Black "Eriksen, Bjorn"]
[Result "0-1"]
[WhiteElo "1405"]
[BlackElo "1347"]
[PlyCount "88"]
[EventDate "2007.??.??"]
[SourceDate "2005.11.09"]

1. e4 c5 2. b3 d6 3. Bb2 Nf6 4. Nc3 Nc6 5. h3 g6 6. Nge2 Bg7 7. Nf4 Nxe4 8. Qe2
Nxc3 9. dxc3 Qa5 10. Qd2 Bd7 11. a3 O-O 12. Be2 a6 13. O-O Bf5 14. Nd3 Nd4 15.
b4 Nxe2+ 16. Qxe2 Qc7 17. Nf4 Rfe8 18. Rfe1 cxb4 19. Nd5 Qd8 20. axb4 Rc8 21.
Ra3 Be6 22. Nf4 Bc4 23. Qf3 Qc7 24. Ba1 Qc6 25. Qd1 Be5 26. Nd3 Bg7 27. Nf4 e5
28. Nd3 e4 29. Nf4 Re7 30. Ne2 e3 31. f3 d5 32. Ra5 Bb5 33. Nd4 Qb6 34. Kh1
Bxd4 35. cxd4 Qd6 36. c3 Qg3 37. Ra2 e2 38. Raxe2 Rxe2 39. Rxe2 Bxe2 40. Qxe2
Kf8 41. Qe5 Qxe5 42. dxe5 d4 43. Kh2 d3 44. Bb2 d2 0-1

[Event "Rodovremesterskabet Gruppe C 2007"]
[Site "Rodovre"]
[Date "2007.10.23"]
[Round "7"]
[White "Roed, Jorgen"]
[Black "Jonsson, John"]
[Result "1-0"]
[WhiteElo "1300"]
[BlackElo "1201"]
[PlyCount "75"]
[EventDate "2007.??.??"]
[SourceDate "2005.11.09"]

1. d4 Nf6 2. c4 e6 3. Nc3 g6 4. Bf4 d6 5. Nf3 Nbd7 6. h3 Bg7 7. e3 a6 8. Be2 b6
9. Rc1 Bb7 10. b4 O-O 11. Na4 Rc8 12. c5 dxc5 13. bxc5 Nb8 14. O-O b5 15. Nb2
Nd5 16. Bh2 f5 17. Nd3 Nc6 18. Nf4 Nxf4 19. Bxf4 Re8 20. Qb3 Nb8 21. Rfd1 Bd5
22. Qa3 Qe7 23. Ne5 Bf6 24. Nd3 Kg7 25. Nb4 g5 26. Bh2 c6 27. Re1 Qa7 28. f3 a5
29. Nxd5 exd5 30. Qd3 Kg6 31. Kf2 Qd7 32. Rh1 Kg7 33. g3 Qe6 34. Rce1 Na6 35.
a3 Nc7 36. Bd1 Na6 37. Bc2 Qd7 38. g4 1-0

[Event "Rodovremesterskabet Gruppe C 2007"]
[Site "Rodovre"]
[Date "2007.10.23"]
[Round "7"]
[White "Henriksen, Franz"]
[Black "Meldal, Peter"]
[Result "1/2-1/2"]
[WhiteElo "1402"]
[BlackElo "1311"]
[PlyCount "63"]
[EventDate "2007.??.??"]
[SourceDate "2005.11.09"]

1. f4 d5 2. Nf3 Nf6 3. e3 Bg4 4. Bb5+ c6 5. Ba4 Nbd7 6. O-O e5 7. Qe1 Bxf3 8.
Rxf3 e4 9. Rh3 Nc5 10. Bb3 a5 11. c4 Nd3 12. Qf1 a4 13. Bc2 dxc4 14. Nc3 b5 15.
Bxd3 cxd3 16. a3 Bc5 17. b4 axb3 18. Bb2 O-O 19. Qd1 b4 20. Nb1 bxa3 21. Nxa3
Qb8 22. Bxf6 Rxa3 23. Qh5 Rxa1+ 24. Bxa1 Bxe3+ 25. dxe3 h6 26. Bxg7 Qb4 27. Qd1
Kxg7 28. Qg4+ Kf6 29. Rxh6+ Ke7 30. Qg5+ Ke8 31. Qe5+ Qe7 32. Qb8+ 1/2-1/2

[Event "Rodovremesterskabet Gruppe C 2007"]
[Site "Rodovre"]
[Date "2007.10.23"]
[Round "7"]
[White "Vestergaard, John"]
[Black "Jacobsen, Jesper Howalt"]
[Result "1-0"]
[WhiteElo "1340"]
[BlackElo "1084"]
[PlyCount "59"]
[EventDate "2007.??.??"]
[SourceDate "2005.11.09"]

1. d4 d6 2. e4 Nd7 3. Nc3 e5 4. Nf3 exd4 5. Qxd4 Qf6 6. Be3 Qxd4 7. Bxd4 Nb6 8.
Nb5 Kd8 9. Ng5 Nh6 10. e5 d5 11. Bd3 g6 12. e6 Rg8 13. exf7 c5 14. Bf6+ Kd7 15.
fxg8=Q Nxg8 16. Nxh7 Kc6 17. O-O Bf5 18. Bxf5 gxf5 19. Nc3 Nd7 20. Nxf8 Rxf8
21. Bh4 d4 22. Ne2 Re8 23. Nf4 Nh6 24. Rfe1 Re4 25. Rxe4 fxe4 26. Re1 Nf5 27.
Bg3 e3 28. fxe3 dxe3 29. Ne2 Nf6 30. Rf1 1-0